[Event "GER-chT U20 Girls"]
[Site "Pori"]
[Date "2004.12.28"]
[Round "3.4"]
[White "Focke, Karin"]
[Black "Schuster, Kathrin"]
[Result "1-0"]
[WhiteElo "1523"]
[BlackElo "1039"]
[PlyCount "75"]
[EventDate "2004.12.27"]
[EventType "team"]
[EventRounds "7"]
[EventCountry "GER"]
[SourceTitle "EXT 2006"]
[Source "ChessBase"]
[SourceDate "2005.11.24"]
[SourceVersion "1"]
[SourceVersionDate "2005.11.24"]
[SourceQuality "1"]

1. e4 e5 2. Nf3 Nc6 3. Bc4 Nf6 4. d3 h6 5. Be3 d5 6. exd5 Nxd5 7. Bxd5 Qxd5 8. Nc3 Qe6 9. 0-0 a6 10. Re1 Bd6 11. d4 Nb4 12. Bf4 Nd5 13. Nxe5 Nxf4 14. Nd3 0-0 15. Rxe6 Bxe6 16. Nxf4 Bxf4 17. Qf3 Bd2 18. Rd1 Bxc3 19. Qxc3 c6 20. h3 Rae8 21. Re1 Bxa2 22. b3 Rxe1+ 23. Qxe1 Rd8 24. Qa1 Bxb3 25. cxb3 f6 26. Kf1 Re8 27. Qc3 g5 28. Qb4 b5 29. Qd6 Kf7 30. Qxc6 Re6 31. Qb7+ Ke8 32. Qd5 h5 33. Qxe6+ Kd8 34. d5 Kc7 35. Qc6+ Kd8 36. d6 g4 37. Qc7+ Ke8 38. Qe7# 1-0

[Event "GER-chT U20 Girls"]
[Site "Ditzingen"]
[Date "2003.12.27"]
[Round "1.4"]
[White "Leinenbach, Janine"]
[Black "Schuster, Kathrin"]
[Result "1-0"]
[WhiteElo "1388"]
[BlackElo "913"]
[PlyCount "97"]
[EventDate "2003.12.27"]
[EventType "team-swiss"]
[EventRounds "7"]
[EventCountry "GER"]
[SourceTitle "EXT 2022"]
[Source "ChessBase"]
[SourceDate "2021.10.06"]
[SourceVersion "1"]
[SourceVersionDate "2021.10.06"]
[SourceQuality "1"]
[WhiteTeam "Wadgassen/Differten U20 Girls"]
[BlackTeam "Allersberger SC U20 Girls"]
[WhiteTeamCountry "GER"]
[BlackTeamCountry "GER"]

1. c4 e5 2. g3 Bc5 3. Bg2 Nf6 4. e3 d6 5. Ne2 0-0 6. d4 Bb4+ 7. Bd2 Bxd2+ 8. Nxd2 exd4 9. Nxd4 d5 10. 0-0 Bg4 11. Qc2 Qd7 12. N2b3 Bh3 13. Nc5 Qc8 14. Rad1 Bxg2 15. Kxg2 Re8 16. cxd5 Nxd5 17. Qb3 Nb6 18. Nf3 Na6 19. Nxa6 bxa6 20. Rd4 Rf8 21. Rfd1 Qf5 22. Rf4 Qg6 23. Rdd4 Rae8 24. Rg4 Qe6 25. Qc3 Qf6 26. Qxc7 Re7 27. Qc2 Rc8 28. Qd3 h6 29. b3 Rec7 30. Rd6 Qe7 31. Rxh6 g6 32. Rgh4 Rd8 33. Rh8+ Kg7 34. Rxd8 Rd7 35. Rxd7 Nxd7 36. Qd4+ Nf6 37. Qe5 Qf8 38. Ng5 Qg8 39. Rh7+ Qxh7 40. Nxh7 Kxh7 41. Qxf6 Kh6 42. Qxf7 a5 43. e4 a6 44. e5 Kh5 45. e6 Kh6 46. e7 Kh5 47. e8R Kg4 48. Qf4+ Kh5 49. Rh8# 1-0